Three years in savage Africa, (Record no. 552736)
[ view plain ]
| 000 -LEADER | |
|---|---|
| fixed length control field | 00746cam a22001691 4500 |
| 082 ## - DEWEY DECIMAL CLASSIFICATION NUMBER | |
| Classification number | 960 |
| Author Mark | DEC |
| 100 1# - MAIN ENTRY--PERSONAL NAME | |
| Personal name | Decle, Lionel, |
| 9 (RLIN) | 50000 |
| 245 10 - TITLE STATEMENT | |
| Title | Three years in savage Africa, |
| Statement of responsibility, etc. | by Lionel Decle; with an introduction by H. M. Stanley, M.P. With 100 illustrations and 5 maps from original photographs, sketches, and surveys by the author. |
| 260 ## - PUBLICATION, DISTRIBUTION, ETC. | |
| Place of publication, distribution, etc. | New York, |
| Name of publisher, distributor, etc. | M.F. Mansfield, |
| Date of publication, distribution, etc. | 1898. |
| 300 ## - PHYSICAL DESCRIPTION | |
| Extent | xxxi, [1], 594 p., 1 l. incl. illus., plates, map. |
| Other physical details | front. (port.) maps (part fold.) |
| Dimensions | 23 cm. |
| 526 ## - STUDY PROGRAM INFORMATION NOTE | |
| Program name | 0 |
| Interest level | 0 |
| Reading level | 0 |
| Title point value | 960_000000000000000_DEC |
| 650 #0 - SUBJECT ADDED ENTRY--TOPICAL TERM | |
| Topical term or geographic name entry element | Ethnology |
| Geographic subdivision | Africa, East. |
| 9 (RLIN) | 50001 |
| 650 #0 - SUBJECT ADDED ENTRY--TOPICAL TERM | |
| Topical term or geographic name entry element | Ethnology |
| Geographic subdivision | Africa, Southern. |
| 9 (RLIN) | 50002 |
| 650 #0 - SUBJECT ADDED ENTRY--TOPICAL TERM | |
| Topical term or geographic name entry element | MCE |
| 9 (RLIN) | 379 |
| 856 41 - ELECTRONIC LOCATION AND ACCESS | |
| Uniform Resource Identifier | <a href="http://hdl.loc.gov/loc.gdc/scd0001.0029991611A">http://hdl.loc.gov/loc.gdc/scd0001.0029991611A</a> |
| 942 ## - ADDED ENTRY ELEMENTS (KOHA) | |
| Source of classification or shelving scheme | |
| Koha item type | Book |
| Withdrawn status | Lost status | Source of classification or shelving scheme | Damaged status | Not for loan | Permanent Location | Current Location | Shelving location | Date acquired | Total Checkouts | Full call number | Barcode | Date last seen | Price effective from | Koha item type |
|---|---|---|---|---|---|---|---|---|---|---|---|---|---|---|
| Military College of Engineering (MCE) | Military College of Engineering (MCE) | 01/21/2015 | 960 DEC | MCE-ECT/35 | 01/21/2015 | 01/21/2015 | Book |
